Beyond the battlefied (Record no. 223854)
[ view plain ]
| 000 -LEADER | |
|---|---|
| fixed length control field | 00683nam a22002417a 4500 |
| 005 - DATE AND TIME OF LATEST TRANSACTION | |
| control field | 20220715164012.0 |
| 008 - FIXED-LENGTH DATA ELEMENTS--GENERAL INFORMATION | |
| fixed length control field | 220715b ||||| |||| 00| 0 eng d |
| 040 ## - CATALOGING SOURCE | |
| Transcribing agency | Aloy |
| 041 ## - LANGUAGE CODE | |
| Language code of text/sound track or separate title | eng |
| 082 ## - DEWEY DECIMAL CLASSIFICATION NUMBER | |
| Edition number | 23 |
| Classification number | 355.009 |
| Item number | SINB |
| 100 ## - MAIN ENTRY--PERSONAL NAME | |
| Personal name | J J Singh an and others |
| 100 ## - MAIN ENTRY--PERSONAL NAME | |
| 9 (RLIN) | 50178 |
| 245 ## - TITLE STATEMENT | |
| Title | Beyond the battlefied |
| 260 ## - PUBLICATION, DISTRIBUTION, ETC. | |
| Place of publication, distribution, etc. | Mumbai: |
| Name of publisher, distributor, etc. | The Flag Officer Commanding, |
| Date of publication, distribution, etc. | 2009 |
| 300 ## - PHYSICAL DESCRIPTION | |
| Extent | 149p. |
| Other physical details | HB |
| Dimensions | 28x22cm. |
| 365 ## - TRADE PRICE | |
| Source of price type code | Military Science |
| 650 ## - SUBJECT ADDED ENTRY--TOPICAL TERM | |
| Topical term or geographic name entry element | Military Science |
| 9 (RLIN) | 50179 |
| 650 ## - SUBJECT ADDED ENTRY--TOPICAL TERM | |
| Topical term or geographic name entry element | March of Maratha |
| 9 (RLIN) | 50180 |
| 650 ## - SUBJECT ADDED ENTRY--TOPICAL TERM | |
| Topical term or geographic name entry element | Mumbai the Ship |
| 9 (RLIN) | 50181 |
| 700 ## - ADDED ENTRY--PERSONAL NAME | |
| Personal name | SINGH (J J) |
| 9 (RLIN) | 50182 |
| 700 ## - ADDED ENTRY--PERSONAL NAME | |
| Personal name | SHANKAR (Vijay) |
| 9 (RLIN) | 50183 |
| 700 ## - ADDED ENTRY--PERSONAL NAME | |
| Personal name | SAYYAD (Azeem) |
| 9 (RLIN) | 50184 |
| 942 ## - ADDED ENTRY ELEMENTS (KOHA) | |
| Source of classification or shelving scheme | Dewey Decimal Classification |
| Koha item type | George Fernandes Collections |
| Withdrawn status | Lost status | Source of classification or shelving scheme | Damaged status | Not for loan | Collection code | Home library | Current library | Date acquired | Total Checkouts | Full call number | Barcode | Date last seen | Price effective from | Koha item type |
|---|---|---|---|---|---|---|---|---|---|---|---|---|---|---|
| Dewey Decimal Classification | Others | St Aloysius Library | St Aloysius Library | 03/24/2013 | 355.009 SINB | GF00425 | 07/15/2022 | 07/15/2022 | George Fernandes Collections |